[Event "ARG-ch sf 95th"]
[Site "Buenos Aires"]
[Date "2020.02.22"]
[Round "1"]
[White "Nadal, Alan"]
[Black "Llanos, Guillermo"]
[Result "0-1"]
[WhiteElo "1937"]
[BlackElo "2278"]
[PlyCount "58"]
[EventDate "2020.02.22"]
[EventType "swiss"]
[EventRounds "9"]
[EventCountry "ARG"]
[SourceTitle "CBM 195 Extra"]
[Source "ChessBase"]
[SourceDate "2020.05.31"]
[SourceVersion "1"]
[SourceVersionDate "2020.05.31"]
[SourceQuality "1"]

1. d4 Nf6 2. c4 b6 3. f3 Nc6 4. d5 Ne5 5. e4 e6 6. Be3 Bc5 7. Bxc5 bxc5 8. Nc3 d6 9. Nge2 0-0 10. Ng3 c6 11. Be2 Rb8 12. Rb1 Ba6 13. Qa4 Bxc4 14. Bxc4 Rb4 15. Qxa7 Nxc4 16. b3 Ne3 17. Kf2 cxd5 18. exd5 exd5 19. Rhe1 d4 20. Nce4 Nxe4+ 21. Nxe4 f5 22. Nd2 Qg5 23. g3 Qh6 24. Kg1 f4 25. g4 d3 26. Qe7 Qh3 27. Rxe3 fxe3 28. Qxe3 Rxg4+ 29. fxg4 Qxe3+ 0-1

[Event "South America-ch U18 16th"]
[Site "Buenos Aires"]
[Date "2019.12.04"]
[Round "6.9"]
[White "Silva, Lucas"]
[Black "Nadal, Alan"]
[Result "1-0"]
[WhiteElo "2145"]
[BlackElo "1982"]
[PlyCount "115"]
[EventDate "2019.12.01"]
[EventType "swiss"]
[EventRounds "9"]
[EventCountry "ARG"]
[SourceTitle "EXT 2024"]
[Source "ChessBase"]
[SourceDate "2023.10.10"]
[SourceVersion "1"]
[SourceVersionDate "2023.10.10"]
[SourceQuality "1"]

1. d4 Nf6 2. c4 e6 3. Nc3 Bb4 4. Qb3 c5 5. dxc5 Bxc5 6. Nf3 Qb6 7. Qxb6 Bxb6 8. Bf4 0-0 9. Bd6 Re8 10. e3 Na6 11. Nd4 Bc7 12. Ndb5 Bxd6 13. Nxd6 Rd8 14. Be2 Ne8 15. Ncb5 Nxd6 16. Nxd6 Nc7 17. Bf3 Rb8 18. 0-0-0 Ne8 19. Nxe8 Rxe8 20. Rd6 Kf8 21. Kc2 Re7 22. a4 b6 23. b4 Bb7 24. Kc3 Bxf3 25. gxf3 Rc8 26. b5 Rc7 27. a5 bxa5 28. Ra1 Re8 29. Rxa5 Rec8 30. Ra4 Rb7 31. Kd4 Ke7 32. Rda6 Rcc7 33. R4a5 d6 34. Rc6 Rxc6 35. bxc6 Rc7 36. Ra6 Kd8 37. c5 d5 38. e4 dxe4 39. fxe4 f6 40. Kc4 Ke7 41. Kb5 Kd8 42. Ra1 Ke7 43. Ra3 Ke8 44. f4 Kf8 45. Ra6 Ke8 46. Ra3 Kd8 47. Rd3+ Ke8 48. Rd1 h6 49. Rd6 Ke7 50. f5 exf5 51. exf5 Ke8 52. Kc4 Re7 53. Rd4 Rc7 54. Kd5 Kd8 55. Kd6 Kc8 56. Re4 Kb8 57. Re8+ Rc8 58. c7+ 1-0

[Event "South America-ch U18 16th"]
[Site "Buenos Aires"]
[Date "2019.12.02"]
[Round "2.9"]
[White "Nadal, Alan"]
[Black "Mayeregger, Arnold"]
[Result "0-1"]
[WhiteElo "1982"]
[BlackElo "2142"]
[PlyCount "42"]
[EventDate "2019.12.01"]
[EventType "swiss"]
[EventRounds "9"]
[EventCountry "ARG"]
[SourceTitle "EXT 2024"]
[Source "ChessBase"]
[SourceDate "2023.10.10"]
[SourceVersion "1"]
[SourceVersionDate "2023.10.10"]
[SourceQuality "1"]

1. d4 d5 2. c4 dxc4 3. e4 Nf6 4. Nc3 e5 5. d5 Bc5 6. Bxc4 a6 7. a4 Nbd7 8. Nge2 Ng4 9. Rf1 Nxh2 10. Ng3 Nxf1 11. Kxf1 Qh4 12. d6 cxd6 13. Nd5 0-0 14. Qb3 Nf6 15. Be3 Nxe4 16. Nxe4 Qxe4 17. Bxc5 dxc5 18. Re1 Qh4 19. Kg1 b5 20. axb5 axb5 21. Bxb5 Be6 0-1

[Event "Pan American-ch U18"]
[Site "Guayaquil"]
[Date "2019.07.27"]
[Round "9"]
[White "Nadal, Alan"]
[Black "Park, Evan"]
[Result "0-1"]
[WhiteElo "1953"]
[BlackElo "2036"]
[PlyCount "35"]
[EventDate "2019.07.21"]
[EventType "swiss"]
[EventRounds "9"]
[EventCountry "ECU"]
[SourceTitle "EXT 2020"]
[Source "ChessBase"]
[SourceDate "2019.10.17"]
[SourceVersion "1"]
[SourceVersionDate "2019.10.17"]
[SourceQuality "1"]

1. d4 Nf6 2. c4 b6 3. Nc3 Bb7 4. f3 Nc6 5. e4 e5 6. Nge2 exd4 7. Nxd4 Nxd4 8. Qxd4 Bc5 9. Qe5+ Be7 10. Be3 0-0 11. Bd3 Re8 12. Qf4 Bd6 13. Qh4 Be5 14. 0-0 c6 15. f4 Bxc3 16. e5 Ne4 17. Qxd8 Raxd8 18. Bxe4 0-1

[Event "ARG-ch sf 94th"]
[Site "Buenos Aires"]
[Date "2019.04.02"]
[Round "4"]
[White "Nadal, Alan"]
[Black "Herrera, Pablo Francisco"]
[Result "1/2-1/2"]
[WhiteElo "1828"]
[BlackElo "2008"]
[PlyCount "65"]
[EventDate "2019.03.30"]
[EventType "swiss"]
[EventRounds "9"]
[EventCountry "ARG"]
[SourceTitle "CBM 189 Extra"]
[Source "ChessBase"]
[SourceDate "2019.06.03"]
[SourceVersion "1"]
[SourceVersionDate "2019.06.03"]
[SourceQuality "1"]

1. d4 c5 2. d5 Nf6 3. c4 e6 4. Nc3 exd5 5. cxd5 d6 6. e4 g6 7. f4 Bg7 8. Bb5+ Nfd7 9. a4 0-0 10. Nf3 Na6 11. 0-0 Nc7 12. Bd3 a6 13. Re1 Re8 14. e5 dxe5 15. d6 Ne6 16. fxe5 Nd4 17. Nxd4 cxd4 18. Nd5 Rxe5 19. Nc7 Rb8 20. Bf4 Rxe1+ 21. Qxe1 b5 22. axb5 axb5 23. Bxb5 d3 24. Bxd3 Qf6 25. Qe3 Qxb2 26. Qe8+ Nf8 27. Re1 Bb7 28. Qe2 Qd4+ 29. Qe3 Qb2 30. Qe2 Qd4+ 31. Qe3 Qb2 32. Qd2 Qd4+ 33. Qe3 1/2-1/2

[Event "ARG-ch sf 94th"]
[Site "Buenos Aires"]
[Date "2019.04.01"]
[Round "3"]
[White "Brizzi, Milagros Tatiana"]
[Black "Nadal, Alan"]
[Result "1-0"]
[WhiteElo "2126"]
[BlackElo "1828"]
[PlyCount "115"]
[EventDate "2019.03.30"]
[EventType "swiss"]
[EventRounds "9"]
[EventCountry "ARG"]
[SourceTitle "CBM 189 Extra"]
[Source "ChessBase"]
[SourceDate "2019.06.03"]
[SourceVersion "1"]
[SourceVersionDate "2019.06.03"]
[SourceQuality "1"]

1. e4 c5 2. Nf3 Nc6 3. d4 cxd4 4. Nxd4 g6 5. Nc3 Bg7 6. Be3 Nf6 7. Bc4 Qa5 8. 0-0 0-0 9. Nb3 Qc7 10. Bg5 d6 11. Bxf6 Bxf6 12. Nd5 Qb8 13. Nxf6+ exf6 14. Nd4 Rd8 15. f4 Nxd4 16. Qxd4 f5 17. Qf6 Rf8 18. e5 Qc7 19. Bb3 dxe5 20. fxe5 a5 21. Qd6 Qxd6 22. exd6 Ra6 23. Rad1 Rd8 24. Rfe1 Kg7 25. Re7 Raxd6 26. Rxf7+ Kh6 27. Rxd6 Rxd6 28. Rc7 Rc6 29. Re7 b6 30. Kf2 b5 31. a4 bxa4 32. Bxa4 Rb6 33. b3 Bb7 34. c4 Be4 35. c5 Rb8 36. c6 Bxc6 37. Bxc6 Rxb3 38. Ra7 Rb8 39. Rxa5 Rc8 40. Ra6 Kg7 41. Ra7+ Kh6 42. Ba4 Rb8 43. Bc6 Rc8 44. Bf3 Re8 45. Rf7 Rb8 46. Ke3 Rc8 47. Kd4 Rb8 48. Ke5 Rb5+ 49. Bd5 Rb8 50. Re7 Rb2 51. Kf6 Rb6+ 52. Re6 Rb8 53. Re3 Kh5 54. Rh3+ Kg4 55. Rxh7 Rb6+ 56. Be6 g5 57. Rg7 Kf4 58. g3+ 1-0

[Event "Villa Martelli ProAm op 25th"]
[Site "Villa Martelli"]
[Date "2018.11.03"]
[Round "1"]
[White "Nadal, Alan"]
[Black "Tristan, Leonardo"]
[Result "0-1"]
[WhiteElo "1870"]
[BlackElo "2493"]
[PlyCount "39"]
[EventDate "2018.11.03"]
[EventType "swiss"]
[EventRounds "9"]
[EventCountry "ARG"]
[SourceTitle "EXT 2020"]
[Source "ChessBase"]
[SourceDate "2019.10.17"]
[SourceVersion "1"]
[SourceVersionDate "2019.10.17"]
[SourceQuality "1"]

1. d4 d6 2. c4 f5 3. Nc3 Nf6 4. Bg5 Nbd7 5. Nf3 g6 6. Qc2 Bg7 7. e3 c6 8. Be2 e5 9. dxe5 dxe5 10. e4 f4 11. 0-0 h6 12. Bxf6 Qxf6 13. b4 Nf8 14. Rad1 Ne6 15. Rd6 Bf8 16. Rdd1 g5 17. g4 h5 18. gxh5 g4 19. Ne1 f3 20. Qd2 0-1

[Event "ARG-chT"]
[Site "Villa Martelli"]
[Date "2018.08.25"]
[Round "8.3"]
[White "Nadal, Alan"]
[Black "Dubrovich, Igor"]
[Result "0-1"]
[WhiteElo "1862"]
[BlackElo "2004"]
[PlyCount "58"]
[EventDate "2018.07.07"]
[EventType "team-swiss"]
[EventRounds "9"]
[EventCountry "ARG"]
[SourceTitle "CBM 187 Extra"]
[Source "ChessBase"]
[SourceDate "2018.11.04"]
[SourceVersion "1"]
[SourceVersionDate "2018.11.04"]
[SourceQuality "1"]
[WhiteTeam "Villa del Parque CC"]
[BlackTeam "Ventajedrez Plastigal"]
[WhiteTeamCountry "ARG"]
[BlackTeamCountry "ARG"]

1. d4 Nf6 2. c4 g6 3. Nc3 d5 4. cxd5 Nxd5 5. e4 Nxc3 6. bxc3 Bg7 7. Nf3 c5 8. Be2 0-0 9. Rb1 Nc6 10. d5 Bxc3+ 11. Bd2 Bxd2+ 12. Nxd2 Nd4 13. Bc4 Rb8 14. a4 a6 15. Bxa6 Bg4 16. Qxg4 bxa6 17. 0-0 Qa5 18. Nc4 Qxa4 19. Nb6 Qc2 20. Kh1 Qe2 21. Qh4 Rxb6 22. Qxe7 Rxb1 23. Rxb1 c4 24. d6 c3 25. d7 Nc6 26. Qc5 c2 27. Rg1 Qxe4 28. f3 Qe6 29. Qxc2 Qxd7 0-1

[Event "ARG-chT"]
[Site "Villa Martelli"]
[Date "2018.07.28"]
[Round "4.3"]
[White "Garcia Lemos, Federico"]
[Black "Nadal, Alan"]
[Result "1-0"]
[WhiteElo "2156"]
[BlackElo "1862"]
[PlyCount "87"]
[EventDate "2018.07.07"]
[EventType "team-swiss"]
[EventRounds "9"]
[EventCountry "ARG"]
[SourceTitle "CBM 187 Extra"]
[Source "ChessBase"]
[SourceDate "2018.11.04"]
[SourceVersion "1"]
[SourceVersionDate "2018.11.04"]
[SourceQuality "1"]
[WhiteTeam "Tres de Febrero Ajedrez"]
[BlackTeam "Villa del Parque CC"]
[WhiteTeamCountry "ARG"]
[BlackTeamCountry "ARG"]

1. d4 Nf6 2. Nf3 g6 3. c4 Bg7 4. g3 0-0 5. Bg2 d6 6. Nc3 Nbd7 7. 0-0 a5 8. e4 e5 9. h3 exd4 10. Nxd4 Nc5 11. Ndb5 h6 12. Re1 Na6 13. Be3 Qe7 14. Qd2 Kh7 15. Rad1 Be6 16. Nd5 Bxd5 17. exd5 Qd7 18. Qxa5 Rfe8 19. Bd4 Rxe1+ 20. Rxe1 c6 21. dxc6 bxc6 22. Qc3 Re8 23. Na3 c5 24. Bxf6 Bxf6 25. Qd2 Rxe1+ 26. Qxe1 Bxb2 27. Nb5 Nc7 28. Qb1 Bf6 29. a4 Bd8 30. a5 Nxb5 31. cxb5 Bxa5 32. b6 Qd8 33. b7 Bc7 34. Qa2 Kg7 35. Bd5 Qe8 36. Qc4 Bb8 37. Qa6 Qd8 38. Qc6 Qc7 39. Qe8 c4 40. Bxf7 Qxb7 41. Bxc4 Qb1+ 42. Kh2 Qb7 43. Qg8+ Kf6 44. Qf8+ 1-0

[Event "ARG-chT ART Semillero U21"]
[Site "Villa Martelli"]
[Date "2018.06.23"]
[Round "4.2"]
[White "Bobadilla Viera, Jorge Samuel"]
[Black "Nadal, Alan"]
[Result "1-0"]
[WhiteElo "2329"]
[BlackElo "1862"]
[PlyCount "109"]
[EventDate "2018.06.02"]
[EventType "team-swiss"]
[EventRounds "6"]
[EventCountry "ARG"]
[SourceTitle "EXT 2019"]
[Source "ChessBase"]
[SourceDate "2018.10.10"]
[SourceVersion "1"]
[SourceVersionDate "2018.10.10"]
[SourceQuality "1"]
[WhiteTeam "Ushuaia Jaque Mate U21"]
[BlackTeam "Club Villa del Parque U21"]
[WhiteTeamCountry "ARG"]
[BlackTeamCountry "ARG"]

1. e4 d6 2. d4 Nf6 3. Nc3 g6 4. Be3 c6 5. a4 Bg7 6. Nf3 0-0 7. Be2 Qc7 8. 0-0 e5 9. d5 cxd5 10. exd5 b6 11. Nd2 Bb7 12. Nb5 Qe7 13. c4 Na6 14. a5 Nc5 15. b4 Ncd7 16. Ra3 a6 17. Nc7 Rac8 18. axb6 Nxb6 19. Bxb6 Rxc7 20. Bxc7 Qxc7 21. Qb1 Rc8 22. b5 axb5 23. Qxb5 Bh6 24. Ra7 Bxd2 25. Qxb7 Qxb7 26. Rxb7 Ne4 27. Rfb1 Kg7 28. Rb8 Rc5 29. R1b5 Rc7 30. R5b7 Ba5 31. Rxc7 Bxc7 32. Rb7 Ba5 33. f3 Nc5 34. Rb8 Bc7 35. Rc8 Bb6 36. Kf1 Nd7 37. Bd3 Bc5 38. Ke2 Nb6 39. Rc7 Na8 40. Rb7 Nb6 41. Kd2 Kf8 42. Kc2 Kg7 43. Kb3 Kf6 44. Bf1 Kg7 45. g3 h6 46. Bh3 Kg8 47. Bd7 Kf8 48. Bb5 Bf2 49. Bd7 Bc5 50. Bc6 h5 51. h3 g5 52. g4 h4 53. Kc3 f6 54. Kd3 Kg8 55. Bb5 1-0

[Event "ARG-chT ART Semillero U21"]
[Site "Villa Martelli"]
[Date "2018.06.16"]
[Round "3.1"]
[White "Coro, Lucas"]
[Black "Nadal, Alan"]
[Result "1-0"]
[WhiteElo "2269"]
[BlackElo "1862"]
[PlyCount "77"]
[EventDate "2018.06.02"]
[EventType "team-swiss"]
[EventRounds "6"]
[EventCountry "ARG"]
[SourceTitle "EXT 2019"]
[Source "ChessBase"]
[SourceDate "2018.10.10"]
[SourceVersion "1"]
[SourceVersionDate "2018.10.10"]
[SourceQuality "1"]
[WhiteTeam "Boca Juniors U21"]
[BlackTeam "Club Villa del Parque U21"]
[WhiteTeamCountry "ARG"]
[BlackTeamCountry "ARG"]

1. e4 d6 2. d4 Nf6 3. Nc3 g6 4. Nf3 Bg7 5. Be2 0-0 6. 0-0 c6 7. a4 Qc7 8. a5 Nbd7 9. Be3 e5 10. dxe5 dxe5 11. Qd2 Ng4 12. Bg5 f6 13. Bh4 Nc5 14. Bc4+ Be6 15. Qe2 Qf7 16. Nd2 Nh6 17. Rfd1 Rfd8 18. b3 Bxc4 19. Nxc4 Qe6 20. f3 Nf7 21. Bf2 Bf8 22. Be3 Na6 23. Rxd8 Nxd8 24. Qf2 Nf7 25. Na4 Nd6 26. Nxd6 Qxd6 27. Bxa7 c5 28. Bb6 Qd4 29. c3 Qd6 30. Qe2 Qe6 31. Qb5 Rc8 32. Rd1 Bd6 33. Rd5 Qe7 34. Qd3 Rc6 35. Nb2 Kf7 36. Nc4 Ke6 37. f4 exf4 38. Qh3+ f5 39. Rxf5 1-0